01416nam a2200301 a 450000500170000000800410001702000180005804100080007609200200008410000280010424500510013225000790018326000340026230000160029650001190031265300580043165300520048965300200054165300160056165300160057765300200059370000270061370000290064094200120066999900150068195202090069695202090090520241128134341.0100708t2021 sp a f |||| 001 0 spa d a9788491138082 aspa c616.01l54sMUR1 aMurray, Patrick R.9717 aMicrobiología Médica /cPatrick R. Murray. a9a ed. bRevisión científica Alberto Delgado-Iribarren García-Campos aBarcelona: bElsevier;c2021. a854 p.bil. aMurray, P. R., Rosenthal, K. S. y Pfaller, M. A. (2021). Microbiología Médica. (9a ed.). Barcelona : Elsevier. aPrincipios generales del diagnóstico de laboratorio aConceptos básicos de la respuesta inmunitaria aBacteriología aVirología aMicología aParasitología1 aRosenthal, Ken S.97181 aPfaller, Michael A.9719 2ddccBK c3218d3218 00102ddc4070aBFMbBFMcCRd2024-11-28eCompra FaCiMed Noviembre 2024g83699.00l23m5o616.01 54 MURp4949r2026-05-19s2026-05-12tEj.21w2024-11-28yBKzCompra FaCiMed Noviembre 2024. Sede Tordos.f 00102ddc4070aBFMbBFMcCRd2024-11-28eCompra FaCiMed Noviembre 2024g83699.00l24m3o616.01 54 MURp4950r2026-06-01s2026-05-22tEj.22w2024-11-28yBKzCompra FaCiMed Noviembre 2024. Sede Tordos.f